000 00522nam a2200181Ia 4500
003 GCL
008 140319s9999 xx 000 0 eng d
040 _aGCL /
_cGCL
082 0 4 _a621.381531\es
100 1 _aENGEL, PETER A.
245 1 0 _aStractural AnalYsis Of Printed Circuit Board Systems /
_cENGEL, PETER A.
260 _a[S.N] :
_bSPRINGER - VERLAG ،
_c1993
300 _a291 P
650 0 4 _aDESIGN - CONSTRUCTION
650 0 4 _aPRINTED CIRCUITS
650 0 4 _aSTRUCTURAL ANALYSIS ENGINEERING
942 _2ddc
_cBK
999 _c19212
_d19212